Radiation and climate (Record no. 16807)

MARC details
000 -LEADER
fixed length control field 00735nam a2200217Ia 4500
003 - CONTROL NUMBER IDENTIFIER
control field IN-BaIIA
008 - FIXED-LENGTH DATA ELEMENTS--GENERAL INFORMATION
fixed length control field 211028s9999 xx 000 0 eng d
020 ## - INTERNATIONAL STANDARD BOOK NUMBER
International Standard Book Number 978-0-19-922747-1
040 ## - CATALOGING SOURCE
Transcribing agency IIA Library
080 ## - UNIVERSAL DECIMAL CLASSIFICATION NUMBER
Universal Decimal Classification number 551.51
Item number VAR
100 ## - MAIN ENTRY--PERSONAL NAME
Personal name Vardavas, I. M
9 (RLIN) 31375
245 #0 - TITLE STATEMENT
Title Radiation and climate
Statement of responsibility, etc. I. M. Vardavas and F. W.Taylor
260 ## - PUBLICATION, DISTRIBUTION, ETC.
Place of publication, distribution, etc. Oxford
Name of publisher, distributor, etc. Oxford University Press
Date of publication, distribution, etc. 2007
300 ## - PHYSICAL DESCRIPTION
Extent xvii, 492p.
490 ## - SERIES STATEMENT
Series statement International series of monographs on physics; no. 138
650 ## - SUBJECT ADDED ENTRY--TOPICAL TERM
Topical term or geographic name entry element Greenhouse effect-atmospheric
9 (RLIN) 31376
650 ## - SUBJECT ADDED ENTRY--TOPICAL TERM
Topical term or geographic name entry element Infrared radiation-atmospheric effects
9 (RLIN) 31377
650 ## - SUBJECT ADDED ENTRY--TOPICAL TERM
Topical term or geographic name entry element Solar radiation
9 (RLIN) 5007
700 ## - ADDED ENTRY--PERSONAL NAME
Personal name Taylor, F. W.
9 (RLIN) 31378
942 ## - ADDED ENTRY ELEMENTS (KOHA)
Koha item type Books
Holdings
Withdrawn status Lost status Damaged status Not for loan Home library Current library Shelving location Date acquired Source of acquisition Cost, normal purchase price Total Checkouts Full call number Barcode Date last seen Cost, replacement price Price effective from Koha item type Purchase Price
        IIA Library-Bangalore IIA Library-Bangalore General Stacks 20/03/2008 SH 4536.02   551.51/ VAR 17729 05/11/2021 4536.02 20/03/2008 Books Rs. 4536.02

Powered by Koha